Laser acupuncture for racehorses /

Bibliographic Details
Main Author: Chiao, San Yin
Format: Book
Language:English
Published: [Australia?] : [publisher not identified], [1983]
Subjects:

MARC

Tag First Indicator Second Indicator Subfields
LEADER 00000cam a2200000 a 4500
001 in00004460708
005 20191202121448.0
008 850402s1983 at a 00010 eng d
035 |a (OCoLC)11876692 
035 |9 AAB8284MS 
035 |z (UtOrBLW)6334 
035 |a 9902 
040 |a TMV  |c TMV  |d UtOrBLW 
049 |a TMVM  |c 1 
059 |l MS/BOOK STKS  |v 2  |z 2  |t BOOK  |k CIRCULATING  |i 3238900107381  |n NL  |a SF 914.5  |b C532L 1983 
060 4 |a SF 914.5 C532 1983 
100 1 |a Chiao, San Yin. 
245 1 0 |a Laser acupuncture for racehorses /  |c by San Yin Chiao. 
264 1 |a [Australia?] :  |b [publisher not identified],  |c [1983] 
264 4 |c ©1983 
300 |a 20 pages :  |b illustrations ;  |c 30 cm. 
336 |a text  |2 rdacontent  |b txt 
337 |a unmediated  |2 rdamedia 
338 |a volume  |2 rdacarrier  |b nc 
650 2 |a Acupuncture  |x veterinary. 
650 2 |a Horse Diseases  |x therapy. 
650 2 |a Laser Therapy. 
940 |a copy plain 
999 |a MARS 
999 f f |s cdc9eecd-8f04-3dd4-8a91-4a760de5daf7  |i 12373e7c-a68b-3062-bde4-f04727e421ff  |t 0 
952 f f |p preservation  |a Texas A&M University  |b J.J. Pickle Campus  |c High Density Repository  |d Remote Storage  |t 0  |e SF 914.5 C532L 1983  |h National Library of Medicine classification  |i unmediated -- volume  |m 3238900107381 
998 f f |a SF 914.5 C532L 1983  |t 0  |l Remote Storage